1661 1248 1677 1466 1800 1983 1867 1239 1157 1106 1390 1970 1404 1174 1960 1428 1083 1302 1536 1821 1391 1887 1299 1689 1748 1265 1052 1629 1108 1903 1415 1689 1007 1258 1759 1880 1882 1408 1892 1637 1893 1778 1136 1402 1209 1314 1636 1122 1994 1187 1459 1902 1833 1522 1407 1364 1060 1245 1547 1442 1952 1380 1759 1231 1883 1503 1486 1684 1714 1043 1364 1420 1548 1622 1312 1852 1821 1852 1735 1330 1502 1960 1237 1306 1849 1072 1757 1637 1157 1400 1322 1734 1484 1722 1669 1836 1886 1158 1438 BCNSPRNW ULIB Ver.6.0+V

เปลี่ยนเป็นภาษาไทย

Change to English
 แสดงรายละเอียดบรรณานุกรม
  กลับหน้าหลัก

Brief Record : Get Marc (ISO 2709) : E-mail record : QR code < ปิดหน้าต่าง
LEADER : 00000nam 2200000uu 4500
001    13399121189
003     ULIB
008    121108sมปป.||||th 000 0 tha d
020    ^a9789742662103
050  4 ^aLB1028^bผ179ก
100 0  ^aผดุง อารยะวิญญู
245 10 ^aการวิจัยแบบกลุ่มตัวอย่างเดี่ยว =^bSingle subject design /^cผดุง อารยะวิญญู
246 31 ^aSingle subject design
260    ^aนครปฐม :^bไอคิว,^cมปป.
300    ^a100 หน้า :^bภาพประกอบ
650  7 ^aกลุ่มตัวอย่างเดี่ยว^xวิจัย
650  7 ^aวิจัย
945    ^p0^l0^i16493
995    ^aวิภา
999 ^a ทศพร
รายการนี้ยังไม่มีแท็ก
คุณยังไม่ได้ล็อกอิน คุณสามารถมีกิจกรรมร่วมกับเว็บไซต์ได้ แต่ต้องล็อกอินก่อน ::
  ล็อกอิน

รายการสื่อสารสนเทศ

ลำดับที่ ประเภท เลขเรียก/บาร์โค้ด สถานที่ สถานะ
1. วิทยาศาสตร์การแพทย์ และสุขภาพ
วิทยาศาสตร์การแพทย์ และสุขภาพ
LB1028 ผ179ก  
  Barcode: 16493
ห้องสมุดวิทยาเขตสวรรค์ประชารักษ์
►หนังสือทั่วไป
บนชั้น

รายการใกล้เคียง
    ผู้แต่ง [ผดุง อารยะวิญญู]

    หัวเรื่อง [วิจัย]

BibComment


ยังไม่เคยถูกคอมเมนท์

คอมเมนท์ทรัพยากรรายการนี้
  คอมเมนท์: การวิจัยแบบกลุ่ม..


 Copyright 2026. Bcnsprnw @Library